Gaming Quiz

Random Gaming Quiz

Okami/Okamiden Bosses Quiz Stats

Quiz not verified by Sporcle

Challenge
Share
Tweet
Embed
Score 0/23 Timer 06:00
0 Plays Today
Area Boss % Correct
Moon CaveOrochi
98.6%
Moon CaveOrochi(2)
98.6%
Tsuta RuinsSpider Queen
93%
Ark of YamatoYami
88.7%
Oni IslandNinetails
87.3%
Agata ForestWaka
84.5%
Taka PassWaka(2)
84.5%
Gale ShrineCrimson Helm
84.5%
Sei'an City(Emperor)Blight
81.7%
KamuiOki
70.4%
Wawku ShrineLechku & Nechku
69%
Kamiki Village(100 Years Ago)Nagi
66.2%
Area Boss % Correct
Himiko's PalaceEvil Rao
59.2%
Moon Tribe RuinsKing Fury
56.3%
Dark RealmDark Chibiterasu
56.3%
Dark RealmAkuro
54.9%
Onibi Market(Demon Market)Witch Queen
49.3%
Dark RealmKurow
45.1%
Five-Story PagodaBullhead
42.3%
PlayhouseSen & Ryo (Renjishi)
40.8%
Hana ValleyMaster Anura
36.6%
Ice RoomMizuchi
25.4%
Sage ShrineAsteroidean
18.3%

You're not logged in!

Compare scores with friends on all Sporcle quizzes.
Join for Free
OR
Log In

You Might Also Like...

Show Comments

Extras

Created Dec 18, 2012ReportNominate
Tags:area, boss, okami

Top Quizzes Today


Score Distribution

Your Account Isn't Verified!

In order to create a playlist on Sporcle, you need to verify the email address you used during registration. Go to your Sporcle Settings to finish the process.

Report this User

Report this user for behavior that violates our Community Guidelines.

Details: